000 00455nam a2200121Ia 4500
008 171212s9999 xx 000 0 und d
020 _a9780874217810
245 _ceditor Greenhill, Pauline;Matrix, Sidney Eve
_aFairy Tale Films
_bVisions of Ambiguity
260 _bUniversity Press of Colorado
_c2010
650 _aFairy tales in motion pictures; Fairy tales -- Film adaptations
650 _aSociology
856 _uwww.jstor.org/stable/10.2307/j.ctt4cgn37
999 _c353063
_d353063